000 00590nam a22002057a 4500
999 _c4127
_d4127
003 AR-CdUCM
008 190308b ||||| |||| 00| 0 spa d
040 _aMUNICIPALIDAD PROVINCIAL DEL CUSCO
_cBIBLIOTECA MUNICIPAL DEL CUSCO
082 _a828.9 /
_bB24
100 _aBaroja, Pio
_913078
245 _aLa Busca /
260 _aNavarra :
_bSalvat Editores,
_c1969.
300 _a188 paginas ;
_bIlustraciones,
_c18cm.
440 _aLibro RTV
_n9
_913079
650 _aNovelas EspaƱolas
_99372
650 _aLiteratura
_983
650 _aSiglo XX
_98
942 _2ddc
_cLIBROS
945 _apjha